000 00312cam a22001217a 4500
008 180718b1955 xxu||||| |||| 00| 0 eng d
082 _aG9 W252
100 _aWarren, Earl
245 _aThe law and the future
_cby Earl Warren
260 _aNew York
_bAmerican breakthrough
_c1955
300 _a16p.
650 _aLaw
999 _c441509
_d441509